Fundamentals of accounting for CPT / (Record no. 69380)

MARC details
000 -LEADER
fixed length control field 00924nam a22002417a 4500
005 - DATE AND TIME OF LATEST TRANSACTION
control field 20120827170339.0
008 - FIXED-LENGTH DATA ELEMENTS--GENERAL INFORMATION
fixed length control field 120827t xxu||||| |||| 00| 0 eng d
010 ## - LCCN (DPL NO)
LC control number ENG-105652
020 ## - INTERNATIONAL STANDARD BOOK NUMBER
International Standard Book Number 9788120345904
Terms of availability 450.00
035 ## - SYSTEM CONTROL NUMBER
System control number EN-89185
037 ## - SOURCE OF ACQUISITION
Source of stock number/acquisition DBAD / PUB
040 ## - CATALOGING SOURCE
Original cataloging agency dpl
Language of cataloging English
082 ## - DEWEY DECIMAL CLASSIFICATION NUMBER
Classification number 657
100 ## - MAIN ENTRY--PERSONAL NAME
Personal name Mohana Rao, P.
9 (RLIN) 51538
245 ## - TITLE STATEMENT
Title Fundamentals of accounting for CPT /
Statement of responsibility, etc by P. Mohana Rao
260 ## - PUBLICATION, DISTRIBUTION, ETC. (IMPRINT)
Place of publication, distribution, etc New Delhi
Name of publisher, distributor, etc PHI Learning
Date of publication, distribution, etc 2012
270 ## - ADDRESS
Address M-97, Connaught Circus,
City New Delhi
Postal code 110001
300 ## - PHYSICAL DESCRIPTION
Extent xvii,585p.
Dimensions 24cm(pbk)
500 ## - GENERAL NOTE
General note Includes bibligraphical references and index
942 ## - ADDED ENTRY ELEMENTS (KOHA)
Source of classification or shelving scheme Dewey Decimal Classification
Item type English Books
Call number suffix MOH
Classification part 657
Holdings
Withdrawn status Lost status Source of classification or shelving scheme Damaged status Not for loan Collection code Home library Current library Date acquired Source of acquisition Cost, normal purchase price Total Checkouts Full call number Barcode Date last seen Copy number Cost, replacement price Koha item type
    Dewey Decimal Classification   Not For Loan Non-fiction D.B.Act.Division D.B.Act.Division 27/08/2012 DBAD/PUB 450.00   657 MOH EN-89185 27/08/2012 1 450.00 English Books

© Delhi Public Library
Hit Counter
free hit counter